000 00319nam a22000977a 4500
100 _aबेदी,गुरमीत
_976207
245 _aमेरी ही कोइ्र आकृति
260 _aदिल्‍ली
_bनीरज बुक सेंटर
_c2017
650 _aकविता
942 _cHIN
999 _c64258
_d64258